000 00736nam a2200229Ia 4500
003 GCL
008 140319s9999 xx 000 0 ara d
040 _aGCL /
_cGCL
082 0 4 _a621.57
_bص هـ
100 1 _aصبرى بطرس
245 1 0 _aالهندسة الكهربائية للتبريد وتكييف الهواء والميكروبرسسور /
_cصبرى بطرس
260 _a[S.N] :
_bدار المعارف ،
_c1992
300 _a338 ص
490 _a
650 0 4 _aالتبريد
650 0 4 _aالكهرباء
650 0 4 _aالمحولات الكهربية
650 0 4 _aالطاقة الكهربائية
650 0 4 _aالهندسة الكهربية
650 0 4 _aتكييف الهواء
942 _2ddc
_cBK
999 _c55111
_d55111